00709nam a2200241 a 4500001001300000003000900013005001700022008004100039020001000080082001600090100001900106245006800125260003200193300000800225500003500233505001000268650001900278700001900297902000800316942000700324952011900331999001700450nice12345678IN_TiNIC20260116015208.0050524s1997 laha grp 000 0 eng  ac10000a922.97bUMA aUmar, Mohammad aThat I May See and Tellb Significance of Iqbal`s Wisdom Poetry aLahorebIqbal Academyc1997 a27p aincludes index and biblioraphy2 aIndex aIqbal Muhammad1 aUmar, Mohammad bSRS cBK 001040708StackRoom-aHMIbHMId2007-06-06g100.00l0o922.97 UMAp11000672r2007-06-06v100.00w2005-05-24yBK c18706d18706